000 01009nam a22002537a 4500
005 20170124102958.0
010 _aB-188016
020 _c200.00
_a8188267363
035 _aB-188016
037 _bCen Lib/Ret
040 _aDPL
_bHN
082 _a822
_bराष्ट्रबं
100 _aराष्ट्रबंधु
_945600
245 _aअब्बा की खाँसी /
_cराष्ट्रबंधु
246 _aAbba ki khansi /
_bby Rashtrbandhu
260 _aनई दिल्ली
_bग्रंथ अकादमी
_c2005
270 _bनई दिल्ली
_a1659, पुराना दरियागंज
_e110002
300 _a186पृ.
_c21सेमी (सजिल्द)
650 _aहिन्दी -- साहित्य
_953725
650 _aहिन्दी -- नाटक
_91413
650 _aHindi -- Literature
_953726
650 _aHindi - Play
_953727
942 _2ddc
_cHN
_h822
_mराष्ट्रबं
999 _c113758
_d113758